| 000 | 01226nam a2200349 i 4500 | ||
|---|---|---|---|
| 003 | DO-SdBNP | ||
| 005 | 20230803135945.0 | ||
| 006 | a||||ar|||| 00| 0 | ||
| 007 | ta | ||
| 008 | 230707e2014 dr a||| 00| j spa d | ||
| 020 | _a9789945465280 | ||
| 040 |
_aDO-SdBNP _bspa _cBPMSU _erda |
||
| 082 | 4 |
_aRD863.44 _bJ61v 2014 _222 |
|
| 100 | 1 | _aJiménez, Josefina | |
| 100 | z | _a De Escobar, Obdulia García | |
| 245 | 1 | 3 |
_aVerusita / _cJosefina Jiménez ; edición al cuidado de: Daniel torres Mata; ilustraciones : Víctor Manuel |
| 264 | 1 |
_aSanto Domingo : _bEdiciones CP, _c2014 |
|
| 300 |
_a38 páginas : _bIlustraciones ; _c20 cm |
||
| 336 |
_2rdaconten _atexto _btxt |
||
| 337 |
_2rdamedia _asin medición _bn |
||
| 338 |
_2rdacarrier _avolumen _bnc |
||
| 490 | 0 |
_aLa casa de los cuentos _a Casa roja |
|
| 500 | _aIncluye ficha de comprensión lectora. | ||
| 500 | _aIncluye datos biográficos de la autora en la contracubierta | ||
| 590 | _aInventariado 2023 /VM | ||
| 650 | 4 | _a Cuentos infantiles dominicanos | |
| 650 | 4 | _aLiteratura infantil dominicana | |
| 700 | 1 |
_aTorres Mata, Daniel, _eeditor |
|
| 700 | 1 |
_aManuel, Vìctor _eilustrador |
|
| 910 | _aVMateo V. Control de calidad. BPMSU | ||
| 942 |
_2ddc _cBK |
||
| 999 |
_c14458 _d14458 |
||